Statistiques concernant Les 50... Instruments de Musique

Cliquez ici pour prendre le quiz!

Statistiques générales

  • Ce quiz a été pris 249 fois
  • Le résultat moyen est 26 sur 50

Statistiques - réponses

Réponse% Correct
Piano
100%
Guitare
99%
Triangle
99%
Batterie
98%
Trompette
98%
Saxophone
96%
Violon
96%
Harmonica
93%
Harpe
91%
Flûte traversière
90%
Maracas
90%
Sifflet
87%
Xylophone
87%
Accordéon
84%
Clarinette
84%
Orgue
82%
Cornemuse
81%
Trombone
74%
Contrebasse
71%
Flûte de pan
71%
Gong
70%
Tambourin
67%
Tuba
67%
Djembe
62%
Ukulélé
60%
Clavecin
57%
Banjo
55%
Castagnettes
52%
Hautbois
50%
Luth
44%
Boîte à musique
43%
Ocarina
43%
Mandoline
38%
Orgue de Barbarie
32%
Kazoo
29%
Didgeridoo
17%
Bol tibétain
16%
Kalimba
14%
oud
14%
Balalaïka
12%
Bombarde
8%
Handpan
6%
Güiro
5%
Darbouka
4%
Kora
4%
Erhu
2%
Harpika
1%
Helicon
1%
Caixa
0%
Gayageum
0%

Distribution des résultats

Percentile par nombre de réponses

% des personnes avec chaque résultat

Votre développement - résultats

Vous n’avez pas pris ce quiz